| 000 | 01233 a2200193 4500 | ||
|---|---|---|---|
| 001 | 216222733 | ||
| 003 | UA-OsUOA | ||
| 005 | 20220912161359.0 | ||
| 008 | 220825b un ||||| |||| 00| 0 ukr d | ||
| 040 |
_aUA-OsUOA _bukr _cUA-OsUOA _dUA-OsUOA |
||
| 041 | _aukr | ||
| 080 | _a050 | ||
| 090 |
_a050 _bП68 |
||
| 245 |
_aПравославний вісник _p1949: № 3; 1953: № 2, 3; 1954: № 2, 3; 1955: № 1; 1958: № 3; 1960: № 1; 1968: № 9; 1969: № 3, 6, 7; 1970: №1, 2, 3, 4, 6, 7, 8, 9, 11, 12; 1971: № 1, 3, 4; 1973: № 3, 5, 9, 10, 11; 1974: 2, 3, 12; 1976: № 3, 7; 1977: № 3, 4, 9, 10, 11, 12; 1978: № 1, 2, 3, 4, 5, 6; 1979: № 12; 1980: № 1, 2, 3, 4, 5, 8; 1981: № 4, 5, 6, 7, 8, 9, 12; 1982: № 1, 2, 4, 5, 6, 7, 8, 9, 10, 11, 12; 1983: № 1, 5, 6, 7, 8, 9, 10, 11, 12; 1984: № 1, 2, 3, 4, 5, 6, 7, 8, 9, 10; 1985: № 3, 4, 5, 6, 7, 8, 9, 10, 11; 1986: № 1, 2, 3, 5, 6, 7-8, 9, 10, 12; 1987: № 4, 5, 6, 7; 1988: № 4, 5; 1989: № 10, 11, 12; 1997: № 7-8, 11-12; |
||
| 650 |
_2UDC _a050 Періодика |
||
| 942 |
_cMG _2udc |
||
| 955 | _a0 | ||
| 999 |
_c573037 _d573037 |
||